书目信息 |
| 题名: |
国外腐败丑闻与廉政之鉴
|
|
| 作者: | 丁品余 主编 | |
| 分册: | ||
| 出版信息: | 北京 中国劳动出版社 1995.05 |
|
| 页数: | 311页 | |
| 开本: | 19cm | |
| 丛书名: | ||
| 单 册: | ||
| 中图分类: | D58 | |
| 科图分类: | ||
| 主题词: | 社会问题--世界 | |
| 电子资源: | ||
| ISBN: | 7-5045-1722-4 | |
| 000 | 00571nam0 2200193 45 | |
| 001 | 0404211480 | |
| 005 | 20050623153836.7 | |
| 010 | @a7-5045-1722-4@dCNY9.00 | |
| 100 | @a20040421d1995 km y0chiy0120 ea | |
| 101 | 0 | @achi |
| 105 | @a z 000yy | |
| 200 | 1 | @a国外腐败丑闻与廉政之鉴@AGuo Wai Fu Bai Chou Wen Yu Lian Zheng Zhi Jian@f丁品余主编@FDing Pin Yu Zhu Bian |
| 210 | @a北京@c中国劳动出版社@d1995.05 | |
| 215 | @a311页@d19cm | |
| 606 | 0 | @a社会问题@x世界 |
| 690 | @aD58@v3 | |
| 701 | 0 | @a丁品余@4主编 |
| 801 | @aCN@bPftUser@c20040421 | |
| 905 | @dD58@e71@f1@b270258 | |
| 国外腐败丑闻与廉政之鉴/丁品余主编.-北京:中国劳动出版社,1995.05 |
| 311页;19cm |
| ISBN 7-5045-1722-4:CNY9.00 |
| ● |
| 相关链接 |
|
|
|
|
正题名:国外腐败丑闻与廉政之鉴
索取号:D58/71
 
预约/预借
| 序号 | 登录号 | 条形码 | 馆藏地/架位号 | 状态 | 备注 |
| 1 | 0270258 | 000483738 | 第一样本阅览室/ [索取号:D58/71] | 在馆 | |
| 2 | 0270259 | 001927721 | 第一借阅区/ [索取号:D58/71] | 在馆 |